[Event "21st Sants Open 2019"]
[Site "Cotxeres de Sants"]
[Date "2019.09.01"]
[Round "10.9"]
[White "Vogel, Roven"]
[Black "Murshed, Niaz"]
[Result "0-1"]
[WhiteElo "2456"]
[BlackElo "2405"]
[Annotator "TA"]
[PlyCount "128"]
[EventDate "2019.08.22"]
[EventType "swiss"]
[EventCountry "ESP"]
[SourceTitle "playchess.com"]
[Source "ChessBase"]
[SourceQuality "1"]

{[%evp 9,128,29,35,27,28,-10,11,11,7,10,39,10,7,7,2,16,32,38,53,25,29,31,29,27,73,49,43,62,49,46,49,39,52,42,49,40,66,35,37,0,0,0,0,0,0,-15,-18,-34,-36,-33,-16,-85,-63,-90,-24,-37,-39,-27,0,-22,0,-17,-17,-23,-26,-21,-22,-29,-27,-23,-2,-37,-43,-35,-25,-68,-72,-233,-239,-268,-147,-118,-127,-130,-109,-139,-129,-682,-668,-655,-149,-159,-164,-1305,-1291,-1152,-1096,-29971,-29969,-29989,-1379,-1065,-658,-2395,-1193,-29981,-29980,-29991,-29992,-29992,-29993,-29993,-29984,-29984,-29985,-29979,-29972,-29969,-29970,-29967,-29966]} 1. Nf3 g6 2. e4 Bg7 3. d4 d6 4. Bc4 e6 5. Bg5 (5. Bb3 Ne7 6. c3 b6 7. O-O Bb7 8. Re1 Nd7 9. Nbd2 O-O 10. Nf1 c5 11. Ng3 Qc7 12. Bg5 Nc6 13. Qd2 {1-0 (52) Vachier Lagrave,M (2781)-Aronian,L (2765) London 2018}) 5... Ne7 6. Nc3 {B06: Modern Defence} h6 7. Bh4 a6 8. O-O {The position is equal.} b5 9. Bd3 Nd7 10. e5 $146 ({Predecessor:} 10. Ne2 Bb7 11. c3 O-O 12. a4 bxa4 13. Rxa4 Nb6 {0-1 (40) Llamazares Lopez,M (1969)-Moreno Ibanez,M (2022) Mislata 2011}) 10... Bb7 {[%cal Rd6e5]} 11. Re1 dxe5 12. Nxe5 Nf6 13. Bxf6 Bxf6 14. Ne4 Bxe5 15. dxe5 Bxe4 16. Bxe4 Nd5 17. c4 bxc4 18. Qa4+ Qd7 19. Qxc4 O-O 20. Rac1 Rfb8 21. b3 Rb4 22. Qc2 a5 23. Red1 c6 24. Bxg6 fxg6 25. Qxg6+ {[%mdl 64] Double Attack} Kf8 $1 26. Qxh6+ Qg7 27. Qh3 Rg4 {Black wants to play ...Nf4!} 28. g3 Nf4 29. Qf1 Qxe5 30. Re1 (30. Rd2 $11) 30... Qf5 $1 $17 {aiming for ...Nd3.} 31. Rxc6 Rg6 (31... Rd8 $1 $17 {[%cal Rd8d2]} 32. Rec1 Nd3) 32. Rec1 $11 Nh3+ 33. Kg2 $1 Nf4+ 34. Kg1 $1 Nh3+ 35. Kg2 $1 Qd5+ 36. f3 Nf4+ 37. Kh1 Nd3 38. Rc8+ Rxc8 39. Rxc8+ Ke7 40. Rc7+ Kf6 41. Rc3 Ne5 42. Qe2 Rg4 {...Rd4 is the strong threat.} 43. Kg2 $2 (43. Qe3 $17) 43... Rd4 $1 $19 {[%cal Rd4d2] And now ...Rd2! would win.} 44. Kh3 {[#]} Rd2 ({Better is} 44... Nf7 $1 $19 45. Qe3 Ng5+ 46. Kg2 Rd2+ 47. Kg1 Rxa2) 45. Qe3 $17 {Strongly threatening Rc5.} Nf7 {[%cal Rd5h5]} 46. g4 Qd6 $40 {[%csl Gd6][%cal Rd2h2][%mdl 128] Black attacks with force.} ({Much worse is} 46... Rxa2 $6 47. Qf4+ Kg6 48. Rc8 $11) 47. f4 Qd5 {Threatens to win with ...Qg2+.} 48. Qg3 $2 {[%mdl 8192]} (48. Qf3 $17) 48... Kg7 $19 49. Qf3 {intending Qxd5.} Qd8 $2 (49... Qd6 $19 {has better winning chances. ( -> ...Ng5+!)} 50. Qe3 Rxa2) 50. Kg3 $17 Rxa2 51. Qe3 $2 (51. h3) 51... Qd5 $19 {White must now prevent ...Qg2+.} 52. Qg1 Rb2 53. Kh4 Rg2 54. Qf1 Rxh2+ (54... Qe4 $142 55. Rc5 e5 56. Rxe5 Nxe5 57. Kh3 Rb2 58. Kg3 Qe3+ {[%mdl 64] Double Attack} 59. Kh4 Ng6+ 60. Kh5 Rxh2+ 61. Kg5 Qe7+ 62. Kf5 Nh4#) 55. Kg3 Rd2 {Hoping for ...Qd4.} 56. Rf3 Qd4 (56... Nd6 $142 57. Re3 Ne4+ 58. Kh3 Rf2 59. Qa1+ Nf6) 57. Qe1 e5 {Black mates.} 58. Qe3 exf4+ {[%mdl 64] Overworked Piece} 59. Qxf4 Qg1+ 60. Kh4 Rh2+ 61. Rh3 Qe1+ 62. Qg3 Qxg3+ 63. Kxg3 {[#]} Rxh3+ $1 64. Kxh3 Ne5 {Accuracy: White = 39%, Black = 60%.} 0-1

[Event "21st Sants Open 2019"]
[Site "Cotxeres de Sants"]
[Date "2019.09.01"]
[Round "10.10"]
[White "Gual Pascual, Antonio"]
[Black "Krishna C R G"]
[Result "1/2-1/2"]
[WhiteElo "2337"]
[BlackElo "2444"]
[Annotator "NA"]
[PlyCount "84"]
[EventDate "2019.08.22"]
[EventType "swiss"]
[EventCountry "ESP"]
[SourceTitle "playchess.com"]
[Source "ChessBase"]
[SourceQuality "1"]
[TimeControl "40/5400+30:1800+30"]

1. d4 {[%emt 0:00:00]} d5 {[%emt 0:00:00]} 2. c4 {[%emt 0:00:11]} c6 {[%emt 0:00:00]} 3. Nf3 {[%emt 0:00:49]} Nf6 {[%emt 0:00:00]} 4. Nc3 {[%emt 0:00:50]} a6 {[%emt 0:00:00]} 5. Qc2 {[%emt 0:00:51]} e6 {[%emt 0:00:08]} 6. Bg5 {[%emt 0:02:47]} Be7 {[%emt 0:06:28]} 7. e3 {[%emt 0:01:00]} h6 {[%emt 0:00:11]} 8. Bh4 {[%emt 0:01:01]} O-O {[%emt 0:02:53]} 9. Rd1 {[%emt 0:07:01]} b5 {[%emt 0:06:27]} 10. c5 {[%emt 0:14:06]} Nbd7 {[%emt 0:00:02]} 11. b4 {[%emt 0:00:17]} a5 {[%emt 0:36:45]} 12. a3 {[%emt 0:00:59]} axb4 {[%emt 0:00:03]} 13. axb4 {[%emt 0:00:09]} Nh5 {[%emt 0:00:04]} 14. Bxe7 {[%emt 0:05:33]} Qxe7 {[%emt 0:00:55]} 15. Be2 {[%emt 0:01:46]} e5 {[%emt 0:09:24]} 16. dxe5 {[%emt 0:10:49]} Nxe5 {[%emt 0:00:19]} 17. O-O {[%emt 0:00:13]} Nf6 {[%emt 0:01:02]} 18. Nd4 {[%emt 0:05:02]} Bd7 {[%emt 0:00:02]} 19. Ra1 {[%emt 0:03:17]} Nc4 {[%emt 0:00:13]} 20. Bxc4 {[%emt 0:03:21]} dxc4 {[%emt 0:01:55]} 21. h3 {[%emt 0:02:45]} Qe5 {[%emt 0:00:20]} 22. Rae1 {[%emt 0:00:31]} Rfd8 {[%emt 0:03:55]} 23. f4 {[%emt 0:03:42]} Qh5 {[%emt 0:00:02]} 24. Ra1 {[%emt 0:07:23]} Re8 {[%emt 0:14:20]} 25. Rxa8 {[%emt 0:05:29]} Rxa8 {[%emt 0:00:24]} 26. e4 {[%emt 0:00:32]} Bxh3 {[%emt 0:06:56]} 27. e5 {[%emt 0:06:27]} Ng4 {[%emt 0:00:13]} 28. Qe2 {[%emt 0:06:14]} Bxg2 {[%emt 0:04:40]} 29. Qxg2 {[%emt 0:00:22]} Ne3 {[%emt 0:00:02]} 30. Qxc6 {[%emt 0:01:35]} Qg4+ {[%emt 0:02:44]} 31. Kf2 {[%emt 0:02:35]} Qxf4+ {[%emt 0:00:02]} 32. Nf3 {[%emt 0:00:50]} Rd8 {[%emt 0:02:19]} 33. Ne2 {[%emt 0:02:56]} Rd2 {[%emt 0:00:05]} 34. e6 {[%emt 0:02:04]} Ng4+ {[%emt 0:03:31]} 35. Ke1 {[%emt 0:00:21]} Rxe2+ {[%emt 0:00:33]} 36. Kxe2 {[%emt 0:00:10]} Qe3+ {[%emt 0:00:01]} 37. Kd1 {[%emt 0:00:21]} Qd3+ {[%emt 0:00:55]} 38. Ke1 {[%emt 0:02:12]} Qb1+ {[%emt 0:00:32]} 39. Ke2 {[%emt 0:00:24]} Qd3+ {[%emt 0:00:20]} 40. Ke1 {[%emt 0:00:00]} Qe3+ {[%emt 0:00:00]} 41. Kd1 {[%emt 0:01:13]} Qb3+ {[%emt 0:06:58]} 42. Ke2 {[%emt 0:02:35]} Qe3+ 1/2-1/2

[Event "21st Sants Open 2019"]
[Site "Cotxeres de Sants"]
[Date "2019.09.01"]
[Round "10.11"]
[White "Haast, Mark"]
[Black "Valenzuela Gomez, Fernando"]
[Result "1/2-1/2"]
[WhiteElo "2413"]
[BlackElo "2388"]
[Annotator "NA"]
[PlyCount "44"]
[EventDate "2019.08.22"]
[EventType "swiss"]
[EventCountry "ESP"]
[SourceTitle "playchess.com"]
[Source "ChessBase"]
[SourceQuality "1"]
[TimeControl "40/5400+30:1800+30"]

1. c4 {[%emt 0:04:45]} e5 {[%emt 0:00:03]} 2. g3 {[%emt 0:00:10]} h5 {[%emt 0:00:05]} 3. d4 {[%emt 0:06:58]} exd4 {[%emt 0:00:10]} 4. Nf3 {[%emt 0:01:34]} h4 {[%emt 0:15:21]} 5. gxh4 {[%emt 0:08:02]} Nc6 {[%emt 0:04:57]} 6. Bg5 {[%emt 0:02:16]} Bb4+ {[%emt 0:03:39]} 7. Nbd2 {[%emt 0:00:39]} Be7 {[%emt 0:05:00]} 8. Nb3 {[%emt 0:03:24]} Nf6 {[%emt 0:02:58]} 9. a3 {[%emt 0:09:43]} d5 {[%emt 0:13:16]} 10. Nbxd4 {[%emt 0:01:37]} Nxd4 {[%emt 0:01:06]} 11. Qxd4 {[%emt 0:00:34]} c5 {[%emt 0:00:51]} 12. Qe5 {[%emt 0:01:44]} dxc4 {[%emt 0:00:31]} 13. Bxf6 {[%emt 0:02:36]} gxf6 {[%emt 0:00:28]} 14. Qc3 {[%emt 0:00:07]} Be6 {[%emt 0:04:36]} 15. Rg1 {[%emt 0:00:41]} Qc7 {[%emt 0:04:45]} 16. Rd1 {[%emt 0:03:46]} Rd8 {[%emt 0:02:38]} 17. Rxd8+ {[%emt 0:00:13]} Kxd8 {[%emt 0:04:24]} 18. Rg3 {[%emt 0:10:08]} Qd7 {[%emt 0:07:34]} 19. Ng5 {[%emt 0:03:37]} Rxh4 {[%emt 0:03:32]} 20. Nxe6+ {[%emt 0:00:10]} Qxe6 {[%emt 0:02:01]} 21. Rg8+ {[%emt 0:09:11]} Kd7 {[%emt 0:00:22]} 22. Qf3 {[%emt 0:01:43]} Qe4 {[%emt 0:03:04]} 1/2-1/2

[Event "21st Sants Open 2019"]
[Site "Cotxeres de Sants"]
[Date "2019.09.01"]
[Round "10.12"]
[White "Santos Latasa, Jaime"]
[Black "Sanchez, Sebastian Felipe"]
[Result "1-0"]
[WhiteElo "2586"]
[BlackElo "2405"]
[Annotator "RC"]
[PlyCount "67"]
[EventDate "2019.08.22"]
[EventType "swiss"]
[EventCountry "ESP"]
[SourceTitle "playchess.com"]
[Source "ChessBase"]
[SourceQuality "1"]
[TimeControl "40/5400+30:1800+30"]

1. e4 {[%emt 0:00:00]} e6 {[%emt 0:06:16]} 2. d4 {[%emt 0:00:00]} d5 {[%emt 0:00:03]} 3. Nc3 {[%emt 0:00:00]} Bb4 {[%emt 0:03:12]} 4. e5 {[%emt 0:00:00]} c5 {[%emt 0:00:04]} 5. a3 {[%emt 0:00:00]} Bxc3+ {[%emt 0:00:04]} 6. bxc3 {[%emt 0:00:04]} Ne7 {[%emt 0:00:02]} 7. Qg4 {[%emt 0:00:14]} O-O {[%emt 0:00:05]} 8. Bd3 {[%emt 0:00:08]} Nbc6 {[%emt 0:00:11]} 9. Bg5 {[%emt 0:00:27]} Qa5 {[%emt 0:00:06]} 10. Ne2 {[%emt 0:00:05]} Ng6 {[%emt 0:00:04]} 11. h4 {[%emt 0:20:25]} Nxd4 {[%emt 0:05:32]} 12. Qg3 {[%emt 0:00:31]} Nxe5 {[%emt 0:11:49]} 13. Qxe5 {[%emt 0:01:56]} f6 {[%emt 0:00:16]} 14. Qd6 {[%emt 0:08:44]} Nxe2 {[%emt 0:01:37]} 15. Kxe2 {[%emt 0:00:49]} Qd8 {[%emt 0:06:29]} 16. Qxc5 {[%emt 0:02:28]} fxg5 {[%emt 0:00:18]} 17. hxg5 {[%emt 0:00:11]} g6 {[%emt 0:00:35]} 18. Rh6 {[%emt 0:10:08]} Qxg5 {[%emt 0:06:23]} 19. Rah1 {[%emt 0:01:05]} Qe5+ {[%emt 0:01:44]} 20. Kd1 {[%emt 0:00:35]} Rf7 {[%emt 0:01:22]} 21. Bxg6 {[%emt 0:00:31]} hxg6 {[%emt 0:00:06]} 22. Rxg6+ {[%emt 0:00:04]} Rg7 {[%emt 0:00:11]} 23. Qe7 {[%emt 0:00:05]} Bd7 {[%emt 0:03:01]} 24. Qxd7 {[%emt 0:00:10]} Rxg6 {[%emt 0:00:18]} 25. Qh7+ {[%emt 0:00:09]} Kf8 {[%emt 0:00:03]} 26. Qxg6 {[%emt 0:00:06]} Ke7 {[%emt 0:06:37]} 27. Rh7+ {[%emt 0:00:12]} Kd6 {[%emt 0:00:45]} 28. Qf7 {[%emt 0:00:05]} Kc5 {[%emt 0:03:10]} 29. Qxb7 {[%emt 0:00:28]} Qb8 {[%emt 0:00:08]} 30. Rc7+ {[%emt 0:00:43]} Kd6 {[%emt 0:00:06]} 31. Rc6+ {[%emt 0:00:03]} Ke5 {[%emt 0:00:08]} 32. Qg7+ {[%emt 0:00:05]} Kf5 {[%emt 0:00:22]} 33. Qf7+ {[%emt 0:00:24]} Kg5 {[%emt 0:00:08]} 34. Rxe6 {[%emt 0:00:07]} 1-0

[Event "21st Sants Open 2019"]
[Site "Cotxeres de Sants"]
[Date "2019.09.01"]
[Round "10.13"]
[White "Sosa, Tomas"]
[Black "Nogerbek, Kazybek"]
[Result "1-0"]
[WhiteElo "2508"]
[BlackElo "2375"]
[Annotator "ChessBase"]
[PlyCount "57"]
[EventDate "2019.08.22"]
[EventType "swiss"]
[EventCountry "ESP"]
[SourceTitle "playchess.com"]
[Source "ChessBase"]
[SourceQuality "1"]
[TimeControl "40/5400+30:1800+30"]

1. e4 {[%emt 0:09:33]} e6 {[%emt 0:00:00]} 2. d4 {[%emt 0:00:06]} d5 {[%emt 0:00:00]} 3. Nd2 {[%emt 0:00:06]} Be7 {[%emt 0:00:00]} 4. e5 {[%emt 0:00:34]} c5 {[%emt 0:00:03]} 5. dxc5 {[%emt 0:00:04]} Nc6 {[%emt 0:00:56]} 6. Ngf3 {[%emt 0:00:44]} Qc7 {[%emt 0:02:22]} 7. Bb5 {[%emt 0:00:51]} Bxc5 {[%emt 0:00:46]} 8. O-O {[%emt 0:09:02]} a6 {[%emt 0:03:28]} 9. Bxc6+ {[%emt 0:01:43]} bxc6 {[%emt 0:01:03]} 10. c4 {[%emt 0:07:44]} a5 {[%emt 0:03:36]} 11. Nb3 {[%emt 0:03:27]} Ba7 {[%emt 0:02:02]} 12. cxd5 {[%emt 0:00:06]} cxd5 {[%emt 0:00:47]} 13. Bd2 {[%emt 0:03:11]} Bb6 {[%emt 0:02:49]} 14. Rc1 {[%emt 0:13:18]} Qa7 {[%emt 0:02:27]} 15. Nbd4 {[%emt 0:00:01]} Ba6 {[%emt 0:05:08]} 16. Re1 {[%emt 0:03:19]} Qd7 {[%emt 0:09:38]} 17. Rc6 {[%emt 0:05:45]} Bc7 {[%emt 0:08:30]} 18. Bxa5 {[%emt 0:07:34]} Bxa5 {[%emt 0:05:35]} 19. Rd6 {[%emt 0:00:06]} Nf6 {[%emt 0:06:02]} 20. Rxd7 {[%emt 0:00:48]} Nxd7 {[%emt 0:00:08]} 21. Re3 {[%emt 0:03:00]} O-O {[%emt 0:06:10]} 22. Qa4 {[%emt 0:03:03]} Bc8 {[%emt 0:02:52]} 23. b4 {[%emt 0:01:04]} Nb6 {[%emt 0:00:11]} 24. Qb3 {[%emt 0:00:05]} Nc4 {[%emt 0:00:39]} 25. bxa5 {[%emt 0:00:05]} Nxe3 {[%emt 0:00:06]} 26. fxe3 {[%emt 0:01:54]} Rxa5 {[%emt 0:00:06]} 27. Nc6 {[%emt 0:00:22]} Rc5 {[%emt 0:00:19]} 28. Ne7+ {[%emt 0:01:56]} Kh8 {[%emt 0:00:06]} 29. Qa3 {[%emt 0:00:03]} 1-0

[Event "21st Sants Open 2019"]
[Site "Cotxeres de Sants"]
[Date "2019.09.01"]
[Round "10.14"]
[White "Garriga Cazorla, Pere"]
[Black "Domingo Nunez, Ruben"]
[Result "1-0"]
[WhiteElo "2495"]
[BlackElo "2347"]
[Annotator "ChessBase"]
[PlyCount "87"]
[EventDate "2019.08.22"]
[EventType "swiss"]
[EventCountry "ESP"]
[SourceTitle "playchess.com"]
[Source "ChessBase"]
[SourceQuality "1"]
[TimeControl "40/5400+30:1800+30"]

1. d4 {[%emt 0:13:15]} Nf6 {[%emt 0:00:16]} 2. c4 {[%emt 0:00:07]} e6 {[%emt 0:00:37]} 3. Nc3 {[%emt 0:00:04]} Bb4 {[%emt 0:00:09]} 4. Qc2 {[%emt 0:00:05]} d6 {[%emt 0:00:04]} 5. Nf3 {[%emt 0:00:15]} Nbd7 {[%emt 0:02:14]} 6. Bd2 {[%emt 0:00:09]} O-O {[%emt 0:01:34]} 7. a3 {[%emt 0:00:09]} Bxc3 {[%emt 0:00:07]} 8. Bxc3 {[%emt 0:00:05]} Qe7 {[%emt 0:02:07]} 9. e3 {[%emt 0:00:35]} b6 10. Be2 {[%emt 0:01:37]} Bb7 {[%emt 0:13:45]} 11. b4 {[%emt 0:02:48]} Ne4 {[%emt 0:17:09]} 12. Bb2 {[%emt 0:07:07]} f5 {[%emt 0:04:56]} 13. Rd1 Ng5 14. d5 {[%emt 0:08:07]} Nxf3+ {[%emt 0:12:01]} 15. Bxf3 {[%emt 0:01:04]} e5 {[%emt 0:04:09]} 16. Be2 Qg5 {[%emt 0:05:25]} 17. O-O {[%emt 0:05:57]} c5 18. f4 Qh6 {[%emt 0:13:18]} 19. Kh1 {[%emt 0:04:18]} Nf6 {[%emt 0:07:38]} 20. bxc5 {[%emt 0:01:21]} bxc5 {[%emt 0:02:39]} 21. fxe5 {[%emt 0:01:00]} Ne4 {[%emt 0:01:57]} 22. Rf3 {[%emt 0:00:53]} dxe5 {[%emt 0:00:14]} 23. Bxe5 {[%emt 0:02:06]} Rae8 {[%emt 0:01:43]} 24. Qb2 Rf7 {[%emt 0:02:12]} 25. Rdf1 {[%emt 0:02:42]} Bc8 26. Bd3 {[%emt 0:05:08]} Rb7 {[%emt 0:03:01]} 27. Qa1 {[%emt 0:01:05]} Nd2 {[%emt 0:05:41]} 28. Rh3 Qa6 {[%emt 0:00:02]} 29. Rd1 {[%emt 0:05:08]} Rb3 {[%emt 0:00:58]} 30. Rg3 g6 31. Bh8 Re7 32. Rxd2 {[%emt 0:04:09]} Rxa3 {[%emt 0:01:31]} 33. Qb2 {[%emt 0:00:05]} f4 {[%emt 0:00:29]} 34. Rf3 {[%emt 0:00:04]} Rxd3 {[%emt 0:00:32]} 35. Rxd3 {[%emt 0:00:57]} Rb7 {[%emt 0:00:30]} 36. Qc1 {[%emt 0:01:27]} Qa2 {[%emt 0:00:18]} 37. Rf1 {[%emt 0:00:22]} Kxh8 38. exf4 Rb2 {[%emt 0:01:08]} 39. Rg1 {[%emt 0:01:19]} Bf5 {[%emt 0:00:06]} 40. Qc3+ {[%emt 0:00:00]} Kg8 {[%emt 0:00:00]} 41. Re3 Re2 42. Rxe2 {[%emt 0:01:31]} Qxe2 {[%emt 0:06:19]} 43. Re1 Qf2 {[%emt 0:04:05]} 44. Qe3 {[%emt 0:00:14]} 1-0

[Event "21st Sants Open 2019"]
[Site "Cotxeres de Sants"]
[Date "2019.09.01"]
[Round "10.15"]
[White "Romero Moreno, Felix"]
[Black "Carmona Huertas, Juan Antonio"]
[Result "1/2-1/2"]
[WhiteElo "1914"]
[BlackElo "1930"]
[Annotator "NA"]
[PlyCount "34"]
[EventDate "2019.08.22"]
[EventType "swiss"]
[EventCountry "ESP"]
[SourceTitle "playchess.com"]
[Source "ChessBase"]
[SourceQuality "1"]
[TimeControl "40/5400+30:1800+30"]

1. d4 {[%emt 0:00:00]} d5 {[%emt 0:00:00]} 2. c4 {[%emt 0:00:00]} c6 {[%emt 0:00:00]} 3. Nf3 {[%emt 0:00:07]} Nf6 {[%emt 0:00:00]} 4. Nc3 {[%emt 0:00:11]} e6 {[%emt 0:00:00]} 5. e3 {[%emt 0:00:09]} Nbd7 {[%emt 0:00:00]} 6. Qc2 {[%emt 0:00:08]} Bd6 {[%emt 0:00:00]} 7. b3 {[%emt 0:00:14]} O-O {[%emt 0:00:06]} 8. Bb2 {[%emt 0:00:18]} e5 {[%emt 0:01:22]} 9. h3 {[%emt 0:00:16]} Re8 {[%emt 0:01:02]} 10. O-O-O {[%emt 0:08:02]} Qa5 {[%emt 0:24:47]} 11. g4 {[%emt 0:03:37]} e4 {[%emt 0:25:37]} 12. Nd2 {[%emt 0:04:38]} Nb8 {[%emt 0:04:43]} 13. g5 {[%emt 0:05:58]} Nfd7 {[%emt 0:00:00]} 14. h4 {[%emt 0:03:41]} Nf8 {[%emt 0:00:17]} 15. Be2 {[%emt 0:03:16]} Bb4 {[%emt 0:13:12]} 16. h5 {[%emt 0:03:23]} dxc4 {[%emt 0:06:09]} 17. Nxc4 {[%emt 0:06:43]} Qxg5 {[%emt 0:06:16]} 1/2-1/2

[Event "21st Sants Open 2019"]
[Site "Cotxeres de Sants"]
[Date "2019.09.01"]
[Round "10.16"]
[White "Manukonda Arun"]
[Black "Morais Carreras, Javier"]
[Result "0-1"]
[WhiteElo "1899"]
[BlackElo "1939"]
[Annotator "NA"]
[PlyCount "76"]
[EventDate "2019.08.22"]
[EventType "swiss"]
[EventCountry "ESP"]
[SourceTitle "playchess.com"]
[Source "ChessBase"]
[SourceQuality "1"]
[TimeControl "40/5400+30:1800+30"]

1. d4 {[%emt 0:18:23]} d5 {[%emt 0:00:00]} 2. c4 {[%emt 0:00:01]} e6 {[%emt 0:00:08]} 3. Nc3 {[%emt 0:00:01]} Nf6 {[%emt 0:00:11]} 4. Bg5 {[%emt 0:00:01]} Be7 {[%emt 0:00:10]} 5. Nf3 {[%emt 0:00:02]} O-O {[%emt 0:00:12]} 6. e3 {[%emt 0:00:18]} c6 {[%emt 0:00:09]} 7. Bd3 {[%emt 0:00:25]} Nbd7 {[%emt 0:00:09]} 8. O-O {[%emt 0:00:13]} dxc4 {[%emt 0:00:08]} 9. Bxc4 {[%emt 0:00:02]} Nd5 {[%emt 0:00:12]} 10. Bxe7 {[%emt 0:00:09]} Qxe7 {[%emt 0:00:08]} 11. e4 {[%emt 0:00:29]} Nxc3 {[%emt 0:03:43]} 12. bxc3 {[%emt 0:00:02]} e5 {[%emt 0:02:11]} 13. Re1 {[%emt 0:01:28]} exd4 {[%emt 0:00:59]} 14. cxd4 {[%emt 0:00:09]} Nb6 {[%emt 0:00:45]} 15. Bb3 {[%emt 0:01:34]} Bg4 {[%emt 0:00:13]} 16. Qd3 {[%emt 0:01:35]} Rad8 {[%emt 0:00:35]} 17. Re3 {[%emt 0:10:14]} Bh5 {[%emt 0:07:50]} 18. Rae1 {[%emt 0:05:43]} Kh8 {[%emt 0:07:52]} 19. Qc3 {[%emt 0:12:22]} Qd7 {[%emt 0:12:06]} 20. Rd1 {[%emt 0:11:05]} Rfe8 {[%emt 0:01:43]} 21. Ne5 {[%emt 0:00:47]} Rxe5 {[%emt 0:00:33]} 22. Rdd3 {[%emt 0:05:01]} Re7 {[%emt 0:01:47]} 23. f4 {[%emt 0:00:20]} f5 {[%emt 0:02:15]} 24. d5 {[%emt 0:07:18]} cxd5 {[%emt 0:05:02]} 25. exd5 {[%emt 0:00:25]} Re4 {[%emt 0:02:40]} 26. Rh3 {[%emt 0:01:28]} Bg4 {[%emt 0:03:16]} 27. Rhg3 {[%emt 0:03:06]} Rc8 {[%emt 0:04:41]} 28. Qa1 {[%emt 0:02:26]} Rce8 {[%emt 0:03:05]} 29. Rxg4 {[%emt 0:00:10]} Re1+ {[%emt 0:00:48]} 30. Qxe1 {[%emt 0:00:01]} Rxe1+ {[%emt 0:00:23]} 31. Kf2 {[%emt 0:00:01]} Qe7 {[%emt 0:01:02]} 32. Bd1 {[%emt 0:02:06]} fxg4 {[%emt 0:01:06]} 33. d6 {[%emt 0:00:02]} Qe4 {[%emt 0:01:58]} 34. Bc2 {[%emt 0:02:46]} Re2+ {[%emt 0:00:27]} 35. Kg3 {[%emt 0:00:11]} Rxg2+ {[%emt 0:00:20]} 36. Kh4 {[%emt 0:00:04]} Rxh2+ {[%emt 0:00:18]} 37. Kxg4 {[%emt 0:00:15]} Rg2+ {[%emt 0:00:18]} 38. Kh3 {[%emt 0:00:40]} Rxc2 {[%emt 0:00:30]} 0-1

[Event "21st Sants Open 2019"]
[Site "Cotxeres de Sants"]
[Date "2019.09.01"]
[Round "10.17"]
[White "Martos Martin, Jose Angel"]
[Black "Planella Sanchez, Jordi"]
[Result "0-1"]
[WhiteElo "1790"]
[BlackElo "1919"]
[Annotator "NA"]
[PlyCount "74"]
[EventDate "2019.08.22"]
[EventType "swiss"]
[EventCountry "ESP"]
[SourceTitle "playchess.com"]
[Source "ChessBase"]
[SourceQuality "1"]
[TimeControl "40/5400+30:1800+30"]

1. e4 {[%emt 0:02:28]} c5 {[%emt 0:02:25]} 2. Nf3 {[%emt 0:00:37]} e6 {[%emt 0:01:06]} 3. d4 {[%emt 0:03:10]} cxd4 {[%emt 0:00:17]} 4. Nxd4 {[%emt 0:00:11]} Nf6 {[%emt 0:00:22]} 5. Bd3 {[%emt 0:06:14]} Be7 {[%emt 0:01:16]} 6. O-O {[%emt 0:02:20]} d6 {[%emt 0:00:40]} 7. c4 {[%emt 0:11:56]} O-O {[%emt 0:01:30]} 8. Nc3 {[%emt 0:00:21]} Nbd7 {[%emt 0:04:51]} 9. Be3 {[%emt 0:08:01]} Nc5 {[%emt 0:02:59]} 10. Rc1 {[%emt 0:04:22]} Nxd3 {[%emt 0:00:18]} 11. Qxd3 {[%emt 0:00:02]} e5 {[%emt 0:05:45]} 12. Nc2 {[%emt 0:04:51]} Be6 {[%emt 0:07:56]} 13. b3 {[%emt 0:11:50]} Ng4 {[%emt 0:04:22]} 14. Bd2 {[%emt 0:05:24]} f5 {[%emt 0:01:26]} 15. h3 {[%emt 0:01:34]} Nf6 {[%emt 0:01:24]} 16. exf5 {[%emt 0:04:10]} Bd7 {[%emt 0:02:32]} 17. Ne3 {[%emt 0:07:17]} Kh8 {[%emt 0:00:35]} 18. Ne4 {[%emt 0:06:16]} Nxe4 {[%emt 0:02:34]} 19. Qxe4 {[%emt 0:00:03]} Bc6 {[%emt 0:00:11]} 20. Nd5 {[%emt 0:01:59]} Bg5 {[%emt 0:05:33]} 21. f4 {[%emt 0:03:20]} Bh6 {[%emt 0:11:59]} 22. Rcd1 {[%emt 0:01:30]} Qh4 {[%emt 0:01:40]} 23. Be1 {[%emt 0:09:51]} Qh5 {[%emt 0:00:41]} 24. Qc2 {[%emt 0:00:41]} Rae8 {[%emt 0:10:03]} 25. Bb4 {[%emt 0:02:36]} exf4 {[%emt 0:02:23]} 26. Rde1 {[%emt 0:00:50]} Bxd5 {[%emt 0:09:19]} 27. cxd5 {[%emt 0:00:10]} Rc8 {[%emt 0:00:12]} 28. Qe2 {[%emt 0:01:10]} Qxf5 {[%emt 0:02:56]} 29. Bxd6 {[%emt 0:00:37]} Rfd8 {[%emt 0:00:44]} 30. Qe6 {[%emt 0:00:20]} Qh5 {[%emt 0:02:10]} 31. Rd1 {[%emt 0:00:44]} Rc2 {[%emt 0:07:00]} 32. Rc1 {[%emt 0:00:07]} Re2 {[%emt 0:00:42]} 33. Qg4 {[%emt 0:00:46]} Qxg4 {[%emt 0:03:30]} 34. hxg4 {[%emt 0:00:01]} f3 {[%emt 0:00:13]} 35. Rc7 {[%emt 0:00:32]} f2+ {[%emt 0:01:36]} 36. Kh2 {[%emt 0:00:56]} g6 {[%emt 0:00:55]} 37. Bb4 {[%emt 0:00:38]} Bf4+ {[%emt 0:00:15] Bd6 Bh6 Bg3 Rxd5 Rxb7 Rdd2} 0-1